Happy hour (Record no. 118324)

MARC details
000 -LEADER
fixed length control field 01075cam a2200253 4500
001 - CONTROL NUMBER
control field ABS68472
008 - FIXED-LENGTH DATA ELEMENTS--GENERAL INFORMATION
fixed length control field 041117n2004 000 0 eng u
035 ## - SYSTEM CONTROL NUMBER
System control number (Sirsi) u128018
100 ## - MAIN ENTRY--PERSONAL NAME
Personal name Madine, V.
245 ## - TITLE STATEMENT
Title Happy hour
260 ## - PUBLICATION, DISTRIBUTION, ETC.
Date of publication, distribution, etc. 2004
490 ## - SERIES STATEMENT
Series statement Building
Volume/sequential designation 269(8352) 8 October 2004, 46-49(4)
520 ## - SUMMARY, ETC.
Summary, etc. Looks at the latest survey by Mizra and Nacey on fees for quantity surveyors (ISBN 1903202345). Concludes charge-out rates have increased by as much as 50% since 2002 and most sectors look buoyant. Tables highlighted are hourly rates, national averages, contract variations, regional fee index and average fees as a percentage of project cost. Copies of the full survey can be obtained from Mizra and Nacey at www.fees.uk.net or t +44 (0)1243 551302.
590 ## - LOCAL NOTE (RLIN)
Local note ABS
590 ## - LOCAL NOTE (RLIN)
Local note ABS
650 ## - SUBJECT ADDED ENTRY--TOPICAL TERM
Topical term or geographic name entry element SALARY SURVEYS
650 ## - SUBJECT ADDED ENTRY--TOPICAL TERM
Topical term or geographic name entry element MARKET SURVEYS
650 ## - SUBJECT ADDED ENTRY--TOPICAL TERM
Topical term or geographic name entry element QUANTITY SURVEYING FIRMS
650 ## - SUBJECT ADDED ENTRY--TOPICAL TERM
Topical term or geographic name entry element STAFF PERFORMANCE
650 ## - SUBJECT ADDED ENTRY--TOPICAL TERM
Topical term or geographic name entry element PROFESSIONAL PRACTICES
650 ## - SUBJECT ADDED ENTRY--TOPICAL TERM
Topical term or geographic name entry element PROFESSIONAL FEES
690 ## - LOCAL SUBJECT ADDED ENTRY--TOPICAL TERM (OCLC, RLIN)
Topical term or geographic name as entry element QUANTITY SURVEYING
9 (RLIN) 6263
942 ## - ADDED ENTRY ELEMENTS (KOHA)
Suppress in OPAC 0
Holdings
Withdrawn status Lost status Source of classification or shelving scheme Damaged status Not for loan Home library Current library Shelving location Date acquired Total Checkouts Full call number Barcode Date last seen Copy number Price effective from Koha item type
    Dewey Decimal Classification     London London Journal article 17/11/2004   ABS68472 128018-1001 06/08/2019 1 06/08/2019 Journal article